000 00865nam a2200241 a 4500
001 79978
003 BD-RjUL
005 20231128105754.0
008 220616s2015 bg ||||| m||| 00| 0 eng d
035 _a(BD-RjUL)79978
040 _aBD-RjUL
_beng
_cBD-RjUL
_dBD-RjUL
041 _aeng
082 _223
_a514.32
_bISS 2015
100 _aISLAM, RAFIQUL
_93672
245 1 0 _aSEPARATION AXIOMS ON L-TOPOLOGICAL SPACES /
_cRAFIQUL ISLAM ;
_6Supervisor: Md. Sahadat Hossain.
260 _aRajshahi :
_bDepartment of Mathematics, University of Rajshahi,
_c2015.
300 _a[1], viii, 88 leaves :
_c29 cm.
502 _aThesis (M.Phill.) -- Department of Mathematics, University of Rajshahi, 2015
504 _aReferences: Leaves 77-88
650 _aTopological Spaces
_xSeparation Axioms
_93673
700 _aHossain, Md. Sahadat, Supervisor
_93674
942 _2ddc
_cTHE
999 _c79978
_d79978